O Samba (Registro n. 688)

Detalhes MARC
000 -LEADER
fixed length control field 00736nas a22002177a 4500
005 - DATE AND TIME OF LATEST TRANSACTION
control field 20260515161106.0
008 - FIXED-LENGTH DATA ELEMENTS--GENERAL INFORMATION
fixed length control field 260515d20082012pormu|p|||||| 00| z por|d
040 ## - CATALOGING SOURCE
Transcribing agency BR-ViAPE
245 ## - TITLE STATEMENT
Title O Samba
260 ## - PUBLICATION, DISTRIBUTION, ETC.
Place of publication, distribution, etc. Vitória
Date of publication, distribution, etc. 2008-2012
300 ## - PHYSICAL DESCRIPTION
Extent v.
Other physical details il.
310 ## - CURRENT PUBLICATION FREQUENCY
Current publication frequency mensal
362 ## - DATES OF PUBLICATION AND/OR SEQUENTIAL DESIGNATION
Dates of publication and/or sequential designation n. 17 (2008) - n. 41 (2012).
500 ## - GENERAL NOTE
General note Disponibilizada apenas a imagem da capa na versão digital, em virtude de restrições de direitos autorais.
500 ## - GENERAL NOTE
General note Coleção incompleta: disponíveis apenas alguns números do periódico.
650 ## - SUBJECT ADDED ENTRY--TOPICAL TERM
Topical term or geographic name entry element Eventos
General subdivision Carnaval
-- Bailes
Geographic subdivision Espírito Santo
651 ## - SUBJECT ADDED ENTRY--GEOGRAPHIC NAME
Geographic name Espírito Santo (Brasil)
Form subdivision Periódicos
700 ## - ADDED ENTRY--PERSONAL NAME
Personal name Juffo, Massini Attílio
Relator term Diretor
942 ## - ADDED ENTRY ELEMENTS (KOHA)
Source of classification or shelving scheme Dewey Decimal Classification
Koha item type Periódicos
Suppress in OPAC Yes

Nenhum exemplar disponível.